Obras escogidas / (Record no. 22577)
[ view plain ]
| 000 -CABECERA | |
|---|---|
| campo de control de longitud fija | 00599nam a2200205 a 4500 |
| 001 - NÚMERO DE CONTROL | |
| campo de control | 000023080 |
| 005 - FECHA Y HORA DE LA ÚLTIMA TRANSACCIÓN | |
| campo de control | 20200930021956.0 |
| 008 - DATOS DE LONGITUD FIJA--INFORMACIÓN GENERAL | |
| campo de control de longitud fija | 101126s1976 sp r 000 0 spa d |
| 020 ## - NÚMERO INTERNACIONAL ESTÁNDAR DEL LIBRO | |
| Número Internacional Estándar del Libro | 8473391422 |
| 040 ## - FUENTE DE LA CATALOGACIÓN | |
| Centro catalogador/agencia de origen | DO-SdBNP |
| Lengua de catalogación | spa |
| Centro/agencia transcriptor | BNPHU |
| 082 ## - NÚMERO DE LA CLASIFICACIÓN DECIMAL DEWEY | |
| Número de clasificación | NNN |
| Número de documento/Ítem | H678ó |
| 049 ## - FONDOS LOCALES (OCLC) | |
| Fondos de biblioteca | BNGR |
| 100 1# - ENTRADA PRINCIPAL--NOMBRE DE PERSONA | |
| Nombre de persona | Ho, Chi Minh, |
| Fechas asociadas al nombre | 1890-1969. |
| 9 (RLIN) | 33172 |
| 245 10 - MENCIÓN DE TÍTULO | |
| Título | Obras escogidas / |
| Mención de responsabilidad, etc. | Ho Chi Minh ; traducción Juana Bignozzi. |
| 260 ## - PUBLICACIÓN, DISTRIBUCIÓN, ETC. | |
| Lugar de publicación, distribución, etc. | Madrid, (España) : |
| Nombre del editor, distribuidor, etc. | Akal, |
| Fecha de publicación, distribución, etc. | 1976. |
| 300 ## - DESCRIPCIÓN FÍSICA | |
| Extensión | 153, [6] p. ; |
| Dimensiones | 18 cm. |
| 490 1# - MENCIÓN DE SERIE | |
| Mención de serie | Akal 74 |
| Designación de volumen o secuencia | 49 |
| 700 1# - PUNTO DE ACCESO ADICIONAL--NOMBRE DE PERSONA | |
| Nombre de persona | Bignozzi, Bignozzi. |
| Término indicativo de función/relación | tr. |
| 9 (RLIN) | 47517 |
| 830 #0 - PUNTO DE ACCESO ADICIONAL DE SERIE-TÍTULO UNIFORME | |
| Título uniforme | Akal 74 ; |
| Designación de volumen o secuencia | 49 |
| 9 (RLIN) | 34091 |
| Estado de retiro | Estado de pérdida | Restricciones de uso | No para préstamo | Código de colección | Localización permanente | Ubicación/localización actual | Ubicación en estantería | Fecha de adquisición | Número de inventario | Total de préstamos | Signatura topográfica completa | Código de barras | Fecha visto por última vez | Precio válido a partir de | Tipo de ítem Koha |
|---|---|---|---|---|---|---|---|---|---|---|---|---|---|---|---|
| Monografías: Libros y Folletos | General | General | En catalogación | 26.11.2010 | LF1 | NNN H678ó | 23080-10 | 25.06.2020 | 25.06.2020 | Préstamo en sala |
